Statistics for Young Adult Authors #2

Click here to take the quiz!

General Stats

  • This quiz has been taken 85 times
    (33 since last reset)
  • The average score is 9 of 50

Answer Stats

HintAnswer% Correct
The Lightning ThiefRick Riordan
88%
The SelectionKeira Cass
73%
CinderMarissa Meyer
62%
The Red QueenVictoria Aveyard
62%
Simon vs. the Homo Sapiens AgendaBecky Albertalli
50%
To All the Boys I've Loved BeforeJenny Han
50%
The Coldest Girl in ColdtownHolly Black
46%
The Perks of Being a WallflowerStephen Chbosky
38%
HolesLouis Sachar
31%
I Am Number FourPittacus Lore
31%
Before I FallLauren Oliver
23%
A Wrinkle in TimeMadeleine L'Engle
23%
Between Shades of GrayRuta Sepetys
23%
Lock and KeySarah Dessen
23%
HatchetGary Paulsen
19%
This is Where it EndsMarieke Nijkamp
19%
Dear MartinNic Stone
19%
We Are OkayNina LaCour
15%
The Girl of Fire and ThornsRae Carson
15%
The RithmatistBrandon Sanderson
12%
Code Name VerityElizabeth Wein
12%
Beautiful CreaturesKami Garcia
12%
A Step From HeavenAn Na
8%
I Hunt KillersBarry Lyga
8%
Navigating EarlyClare Vanderpool
8%
BurnedEllen Hopkins
8%
American Born ChineseGene Luen Yang
8%
MidwinterbloodMarcus Sedgwick
8%
FeedM. T. Anderson
8%
The House of the ScorpionNancy Farmer
8%
MarkedP.C. Cast & Kristin Cast
8%
SeraphinaRachel Hartman
8%
Princess AcademyShannon Hale
8%
Alanna: the First AdventureTamora Pierce
8%
The Sisterhood of the Traveling PantsAnn Brashares
4%
RottersDaniel Kraus
4%
The 57 BusDashka Slater
4%
Vincent and Theo: The Van Gogh BrothersDeborah Heiligman
4%
The Girl Who Drank the MoonKelly Barnhill
4%
Bone GapLaura Ruby
4%
This One SummerMariko Tamaki
4%
How I Live NowMeg Rosoff
4%
HeatMike Lupica
4%
Ship BreakerPaolo Bacigalupi
4%
Nick and Norah's Infinite PlaylistRachel Cohn
4%
Piecing Me TogetherRenée Watson
4%
Freak the MightyRodman Philbrick
4%
Derby Girl (a.k.a. Whip It)Shauna Cross
4%
Saints and MisfitsS.K. Ali
4%
The Grey KingSusan Cooper
4%

Score Distribution

Percentile by Number Answered

Percent of People with Each Score

Your Score History

You have not taken this quiz since the last reset